HTML Metadata Elements - Statistics

General Stats
  • This quiz has been taken 62 times
  • The average score is 5 of 7
Answer Stats
Answer Hint % Correct
meta Provides a generic list of metadata values
95%
title Stores the document's title or name
95%
style Defines he display styles used to render the document content
90%
script Provides programming codes to be run within the browser
75%
link Specifies an external resource that the document is connected to
65%
head Describes the HTML document, or provides instructions to the browser
60%
base Specifies the Document's location
10%
No matching quizzes found
Score Distribution
Percent of People with Each Score
Percentile by Number Answered
Your Score History
You have not taken this quiz